Ingeniería económica / (Registro nro. 5688)

Detalles MARC
000 -LEADER
fixed length control field 01662nam a2200361Ia 4500
003 - CONTROL NUMBER IDENTIFIER
control field OSt
005 - DATE AND TIME OF LATEST TRANSACTION
control field 20201210164458.0
008 - FIXED-LENGTH DATA ELEMENTS--GENERAL INFORMATION
fixed length control field 191128s1986 ck ad gr 000 0 spa d
020 ## - INTERNATIONAL STANDARD BOOK NUMBER
International Standard Book Number 9684518803
040 ## - CATALOGING SOURCE
Original cataloging agency CO-JMCR
Transcribing agency CO-JMCR
041 0# - LANGUAGE CODE
Language code of text/sound track or separate title spa
082 04 - DEWEY DECIMAL CLASSIFICATION NUMBER
Classification number 658.404 /
Item number L537i
Edition number 23
100 1# - MAIN ENTRY--PERSONAL NAME
Personal name Leland T., Blank,
Relator term autor
9 (RLIN) 12522
245 10 - TITLE STATEMENT
Title Ingeniería económica /
Statement of responsibility, etc. Leland T. Blank, Anthony J. Tarquin ; traducción, Rafael Rodríguez, Demetrio Martínez ; Revisión técnica David Ledersnaider, Gabriel Baca Urbina, David Paiewonsky
250 ## - EDITION STATEMENT
Edition statement Segunda edición
260 ## - PUBLICATION, DISTRIBUTION, ETC.
Place of publication, distribution, etc. Bogotá :
Name of publisher, distributor, etc. McGraw-Hill,
Date of publication, distribution, etc. 1986
300 ## - PHYSICAL DESCRIPTION
Extent 558 páginas :
Other physical details diagramas y gráficos a blanco y negro ;
Dimensions 23 cm.
500 ## - GENERAL NOTE
General note Incluye índice.
504 ## - BIBLIOGRAPHY, ETC. NOTE
Bibliography, etc. note Bibliografía: página 550.
505 0# - FORMATTED CONTENTS NOTE
Formatted contents note Conceptos y diagramas de flujo de caja -- Factores y su empleo -- Tasas de interés nominal y efectivo, y capitalización continua -- Utilización de factores múltiples -- Valor presente y evaluación del costo capitalizado -- Evaluación del costo anual unifo
534 ## - ORIGINAL VERSION NOTE
Introductory phrase Engineering Economy
546 ## - LANGUAGE NOTE
Language note Traducido del inglés
650 24 - SUBJECT ADDED ENTRY--TOPICAL TERM
Topical term or geographic name entry element Economía industrial
9 (RLIN) 12523
650 24 - SUBJECT ADDED ENTRY--TOPICAL TERM
Topical term or geographic name entry element Economía de la ingeniería
General subdivision toma de decisiones
9 (RLIN) 12524
650 24 - SUBJECT ADDED ENTRY--TOPICAL TERM
Topical term or geographic name entry element Economía de la ingeniería
General subdivision Modelos matemáticos
9 (RLIN) 12525
700 1# - ADDED ENTRY--PERSONAL NAME
Personal name Tarquin, Anthony J.,
Relator term autor
9 (RLIN) 12526
700 1# - ADDED ENTRY--PERSONAL NAME
Personal name Rodriguez, Rafael,
Relator term traductor
9 (RLIN) 12527
700 1# - ADDED ENTRY--PERSONAL NAME
Personal name Martínez, Demetrio,
Relator term traductor
9 (RLIN) 12528
700 1# - ADDED ENTRY--PERSONAL NAME
Personal name Ledersnaider, David,
Relator term revisor
9 (RLIN) 12529
700 1# - ADDED ENTRY--PERSONAL NAME
Personal name Baca Urbina, Gabriel,
Relator term revisor
9 (RLIN) 12530
700 1# - ADDED ENTRY--PERSONAL NAME
Personal name Paiewonsky, David,
Relator term revisor
9 (RLIN) 12531
942 ## - ADDED ENTRY ELEMENTS (KOHA)
Source of classification or shelving scheme Dewey Decimal Classification
Koha item type Books
Existencias
Withdrawn status Lost status Source of classification or shelving scheme Materials specified (bound volume or other part) Damaged status Not for loan Home library Current library Shelving location Date acquired Source of acquisition Total Checkouts Full call number Barcode Date last seen Date last checked out Copy number Price effective from Koha item type
    Dewey Decimal Classification Donación--15/04/2018--     Biblioteca Pública José María del Castillo y Rada Biblioteca Pública José María del Castillo y Rada General Stacks 11/28/2019 Donación 1 658.404 / L537i 430003865 02/11/2026 02/11/2026 Ej.1 11/28/2019 Books